000 00479nam a2200181Ia 4500
999 _c15213
_d15213
003 OSt
005 20201116095902.0
008 190216s9999||||xx |||||||||||||| ||und||
020 _a8182090075
040 _coclc
082 _a428
_bMAD/C
100 _aMadhavan, P K
_96495
245 0 _a100 Cloze Tests /
_cP K Madhavan
250 _a1st Ed.
260 _bVijay Nicoles,
_c2004.
_achennai:
300 _a98p
942 _cBK
_2ddc
_h428
_iMAD/C
_k428
_mMAD/C